| 000 | nam a22 a 4500 | ||
|---|---|---|---|
| 999 |
_c121192 _d121192 |
||
| 003 | BLK | ||
| 005 | 20230420100910.0 | ||
| 008 | 180409b bul|||||r ||||||| ||bul|| | ||
| 010 | _aKNG00126814000 | ||
| 040 | _aBLK | ||
| 041 |
_aBUL _cBUL |
||
| 080 |
_aКласическа гръцка литература. Старогръцка литература _b821.142 _x-22 _z821.142-22 |
||
| 080 |
_aЛатинска (римска) литература _b821.124 _x-22 _z821.124-22 |
||
| 139 |
_aАнтични комедии _bА 74 |
||
| 245 | 1 | 0 |
_aАнтични комедии _bСб. _cпрев. Александър Димитров Ничев; * Аристофан; * Менандър; * Плавт; * Теренций. |
| 257 |
_aDRG _aDRR |
||
| 260 |
_aСофия _bНар. култура _c1978 |
||
| 300 |
_a528 с. _c20 см |
||
| 380 | _aX | ||
| 490 |
_aБиблиотека Световна класика _9201621 |
||
| 500 | _aОриг. загл. Adalphoe. Съдържа: Мира. Жените в народното събрание. Плутос. Ориг. загл. Pax Ecclesiazusse. Plutus / Аристофан. Мъчният човек. Ориг. загл. Dycolus / Менадър. Гърнето. Менехмовците. Войникът самохвалец. Ориг. загл. Auluarja. Menaechmi. Milesgloriosus / Плавт. Братята. Ориг. загл. Adalphoe / Теренций. | ||
| 700 | 1 |
_aНичев, Александър Димитров _eпрев. _9363321 |
|
| 700 | 1 |
_aАристофан _e* _933430 |
|
| 700 | 1 |
_aМенандър _e* _994784 |
|
| 700 | 1 |
_aПлавт _e* _9111059 |
|
| 700 | 1 |
_aТеренций _e* _9128555 |
|
| 852 |
_aЦб 90917 _bЦб |
||
| 856 | 4 |
_qpdf _i0.00 _ldisable |
|
| 856 | 4 |
_qpdf _i0.00 _ldisable |
|
| 942 |
_cKNG _n0 _s1 |
||
| 944 |
_aCR _c01.02.2012 _l01.02.2012 - от С1,Р / 01.02.2012 _kГеновева_Генчева |
||
| 944 |
_aED _c01.02.2012 _l01.02.2012 - от С1,Р / 01.02.2012 |
||
| 944 |
_aED _c2022-11-10 _l2022-11-10 |
||
| 999 | _d121192 | ||
| 999 | _d121192 | ||